| 000 | 00437nam a2200157Ia 4500 | ||
|---|---|---|---|
| 003 | 0STCL | ||
| 008 | 150530s9999 xx 000 0 und d | ||
| 040 |
_aSTCL _cSTCL |
||
| 100 | _aIrma Adalman; Editor | ||
| 245 | _aEconomic growth and resources proceeding of the international economics vol-4 national and internati | ||
| 260 |
_bMacmillan _c1980 |
||
| 546 | _aEnglish | ||
| 942 |
_2ddc _cBK |
||
| 999 |
_c12200 _d12200 |
||
| 005 | 20220125165620.0 | ||